| 000 | 01482cam a22003977a 4500 | ||
|---|---|---|---|
| 001 | 16761590 | ||
| 003 | OSt | ||
| 005 | 20140310182750.0 | ||
| 008 | 110504s2011 nyu bf 000 0 eng d | ||
| 010 | _a 2011281813 | ||
| 020 | _a9781451623901 (hbk.) | ||
| 020 | _z9781451623925 (ebk.) | ||
| 035 | _a(OCoLC)ocn657596899 | ||
| 040 |
_aBTCTA _beng _cBTCTA _dYDXCP _dFN4 _dQDK _dIK2 _dVP@ _dB2A _dORX _dBWX _dDLC |
||
| 042 | _alccopycat | ||
| 050 | 0 | 0 |
_aBQ 4360 _b.B76 2011 |
| 082 | 0 | 4 |
_aM 294 _bB916 2011 |
| 100 | 0 |
_aBstan-ʼdzin-rgya-mtsho, _cDalai Lama XIV, _d1935- |
|
| 245 | 1 | 0 |
_aHow to be compassionate : _ba handbook for creating inner peace and a happier world / _cHopkins, Jeffrey |
| 260 |
_aNew York : _bAtria Books, _cc2011. |
||
| 300 |
_axi, 147 p. ; _c19 cm. |
||
| 504 | _aIncludes bibliographical references (p. [145]-147). | ||
| 520 | _aThrough practical exercises and personal anecdotes, the revered spiritual leader shows how individuals' compassion can lead to global changes. | ||
| 521 | _acollege students | ||
| 526 | _c1210L-1700L | ||
| 541 | _j1 | ||
| 562 | _e1 | ||
| 650 | 0 |
_aCompassion _xReligious aspects _xBuddhism. |
|
| 650 | 0 |
_aReligious life _xBuddhism. |
|
| 650 | 7 |
_aCompassion _xReligious aspects _xBuddhism. _2sears |
|
| 650 | 7 |
_aBuddhism. _2sears |
|
| 700 | 1 | _aHopkins, Jeffrey. | |
| 906 |
_a7 _bcbc _ccopycat _d2 _encip _f20 _gy-gencatlg |
||
| 942 |
_2lcc _cBK _kM |
||
| 999 |
_c15730 _d15730 |
||